| 000 | 00382nam a2200133Ia 4500 | ||
|---|---|---|---|
| 008 | 150201s2014 xx 000 0 und d | ||
| 082 |
_a617.6342 _bP2011G |
||
| 100 | _aGARG ,NISHA | ||
| 245 | _aTEXT BOOK OF PRECLINICAL CONSERVATIVE DENTISTRY | ||
| 250 | _a1ST | ||
| 260 | _bJAYPEE BROTHERS MEDICAL PUBLISHERS | ||
| 650 | _aCONSERVATIVE DENTISTRY & ENDODONTICS | ||
| 942 |
_2ddc _cBK _01 |
||
| 999 |
_c4865 _d4865 |
||